|
|
|
|
| LEADER |
00000nam0a2200000 4500 |
| 001 |
99318 |
| 005 |
20231101214236.0 |
| 035 |
|
|
|a (RuTPU)RU\TPU\book\106550
|
| 090 |
|
|
|a 99318
|
| 100 |
|
|
|a 20060630d1977 km y0rusy50 ca
|
| 101 |
0 |
|
|a rus
|
| 102 |
|
|
|a RU
|
| 105 |
|
|
|a a z 001zy
|
| 200 |
1 |
|
|a Трение и износ наполненных полимерных материалов
|f А. К. Погосян
|g Академия наук СССР, Государственный научно-исследовательский институт машиноведения им. А. А. Благонравова ; под ред. А. В. Чичинадзе
|
| 210 |
|
|
|a Москва
|c Наука
|d 1977
|
| 215 |
|
|
|a 137 с.
|c ил.
|
| 320 |
|
|
|a Библиогр.: с. 132-137.
|
| 610 |
1 |
|
|a химическая технология
|
| 610 |
1 |
|
|a полимеры
|
| 610 |
1 |
|
|a наполненные полимеры
|
| 610 |
1 |
|
|a трение
|
| 610 |
1 |
|
|a износ
|
| 610 |
1 |
|
|a полиэтилен
|
| 610 |
1 |
|
|a наполнители
|
| 675 |
|
|
|a 678.046
|v 3
|
| 700 |
|
1 |
|a Погосян
|b А. К.
|g Альберт Князевич
|
| 702 |
|
1 |
|a Чичинадзе
|b А. В.
|4 340
|
| 712 |
0 |
2 |
|a Академия наук СССР
|b Государственный научно-исследовательский институт машиноведения им. А. А. Благонравова
|c (Москва)
|c (1962-1979)
|2 stltpush
|3 (RuTPU)RU\TPU\col\27800
|9 28893
|
| 801 |
|
1 |
|a RU
|b 63413507
|c 20060630
|g PSBO
|
| 801 |
|
2 |
|a RU
|b 63413507
|c 20220218
|g PSBO
|
| 942 |
|
|
|c BK
|